000 00659nam a2200193Ia 4500
005 20250508170112.0
008 008 250505s9999 xx 000 0 hin d
037 _aTheses
040 _aFEDL
_beng
_cFEDL
041 _ahin
_2eng
084 _a891.207, MAH/TH
_qFEDL
100 _aMahavra Avinash
_9783015
245 0 _aSanskrit shikshakon ke vyevasayik nirmaan ki prakriya ka adhyayan: Shri Lal Bahadur Shastri Rashtriye Sanskrit Vidyapeeth sandarbhit ek vyaktigat adhyayan
260 _c2020
300 _a217p.
546 _aPh.D Thesis (Delhi University); C D Included
942 _cTH
_h891.207, MAH/TH
999 _c1399226
_d1399226